Foresters' manual of dipterocarps

Bibliographic Details
Main Author: SYMINGTON
Format: Book
Published: Kuala Lumpur : Penerbit Universiti Malaya , 1974
Series:Malayan forest records; n. 16
Subjects:

MARC

LEADER 00000cam a2200000 7i4500
001 0000000504
005 20020520.0
090 0 0 |a R583.1670202   |b SYM 1974 
100 1 0 |a SYMINGTON   |h C. F. 
245 1 0 |a Foresters' manual of dipterocarps   |c C.F. Symington 
260 0 0 |a Kuala Lumpur :   |b Penerbit Universiti Malaya ,   |c 1974 
300 |a [11) p., xliii, 236 p., 114 plates :   |b ill., (1 fold. map] ;   |c 24 cm. 
440 0 0 |a Malayan forest records; n. 16 
500 0 0 |a Bibliography: [p. 237-240] 
650 0 0 |a Dipterocarpaceae   |z Malaysia   |x Handbooks, manuals, etc. 
650 0 0 |a Forests and forestry   |z Malaysia 
998 |a JPSM 
999 |a 0000001618   |b Monograph   |c Open Shelf   |e Default branch 
999 |a 0000001619   |b Monograph   |c Open Shelf   |e Default branch 
999 |a 0000004522   |b Monograph   |c Open Shelf   |e Default branch 
999 |a 0000004551   |b Monograph   |c Open Shelf   |e Default branch